1273 1997 1439 1237 1547 1057 1299 1205 1519 1023 1482 1190 1491 1959 1520 1433 1490 1554 1372 1584 1891 1994 1464 1639 1318 1820 1593 1011 1999 1913 1790 1311 1776 1208 1656 1065 1434 1737 1258 1880 1037 1377 1709 1714 1358 1225 1972 1427 1401 1895 1428 1604 1018 1759 1716 1853 1337 1383 1618 1754 1723 1124 1514 1441 1186 1972 1295 1476 1916 1591 1873 1385 1674 1256 1865 1269 1988 1281 1944 1417 1058 1744 1964 1668 1455 1511 1703 1538 1664 1669 1804 1115 1331 1294 1119 1404 1098 1532 1368 BCNSPRNW ULIB Ver.6.0+V

เปลี่ยนเป็นภาษาไทย

Change to English
 แสดงรายละเอียดบรรณานุกรม
  กลับหน้าหลัก

Brief Record : Get Marc (ISO 2709) : E-mail record : QR code < ปิดหน้าต่าง
LEADER : 00000nam 2200000uu 4500
001    13399120044
003     ULIB
008    120823s2547||||th 000 0 tha d
020    ^a9748317943
060 04 ^aWL346^bก835ม 2547
100 0  ^aมนูญ บัญชรเทวกุล
245 10 ^aอาการอัมพาตหรืออัมพฤกษ์ครึ่งซีก :^bพยากรณ์การฟื้นตัวเองของผู้ป่วยแนวทางการรักษาทางกายภาพบำบัด /^cมนูญ บัญชรเทวกุล
250    ^aพิมพ์ครั้งที่ 3
260    ^aกรุงเทพฯ :^bหมอชาวบ้าน ;^c2547
300    ^a93 หน้า :^bภาพประกอบ ;^c21 ซม.
650  7 ^aอัมพาตครึ่งซีก
650  7 ^aกายภาพบำบัด
945    ^p110^l0^i13942
995    ^aทศพร
999    ^aทศพร เกษรทอง
รายการนี้ยังไม่มีแท็ก
คุณยังไม่ได้ล็อกอิน คุณสามารถมีกิจกรรมร่วมกับเว็บไซต์ได้ แต่ต้องล็อกอินก่อน ::
  ล็อกอิน

รายการสื่อสารสนเทศ

ลำดับที่ ประเภท เลขเรียก/บาร์โค้ด สถานที่ สถานะ
- ไม่พบข้อมูล -

รายการใกล้เคียง
    ผู้แต่ง [มนูญ บัญชรเทวกุล]

    หัวเรื่อง [อัมพาตครึ่งซีก]
    หัวเรื่อง [กายภาพบำบัด]

BibComment


ยังไม่เคยถูกคอมเมนท์

คอมเมนท์ทรัพยากรรายการนี้
  คอมเมนท์: อาการอัมพาตหรืออ..


 Copyright 2026. Bcnsprnw @Library